Normal view
MARC view
- List Arzubide, Armando,
Entry Nombre Personal
001 - NUMERO DE CONTROL
- campo de control: 32221
003 - IDENTIFICADOR DE NUMERO DE CONTROL
- campo de control: UPN
005 - FECHA Y HORA DE LA ÜLTIMA TRANSACCIÓN
- campo de control: 20210219194431.0
008 - DATOS DE LONGITUD FIJA
- campo de control de longitud fija: nabaccnnaabn|||||||||| b |nc|||||d
035 ## - NUMERO DE CONTROL
- Número de control: UPN11000004327
040 ## - FUENTE DE CATALOGACIÓN
- Lenguaje de catalogación: SPA
- Agencia de transcripción: UPN
100 1# - ENCABEZAMIENTO - NOMBRE PERSONAL
- Nombre personal: List Arzubide, Armando,
- Fechas asociadas con el nombre: 1901-1990
670 ## - FUENTE EN LA QUE SE LOCALIZARON DATOS
- Cita de la fuente: T
- Uniform Resource Identifier: http://www.iberlibro.com/buscar-libro/autor/list-arzubide-armando-mexico-1901-1990/
902 ## - CATALOGADOR
- Catalogador: CAA/210612
